TURGUTOĞULLARI KONYA DAKİ ESERLERİ VE KADINHANI (Record no. 720204)

MARC details
000 -LEADER
sabit uzunluktaki kontrol alanı 00276nam a2200097Ia 4500
001 - KONTROL NUMARASI
kontrol alanı 720204
005 - EN SON İŞLEMİN TARİH VE ZAMANI
kontrol alanı 20250826163227.0
008 - SABİT-UZUNLUKTA VERİ ÖĞELERİ--GENEL BİLGİ
sabit uzunluktaki kontrol alanı 250824s9999 xx 000 0 und d
245 #0 - ESER / YAZAR
ESER ADI TURGUTOĞULLARI KONYA DAKİ ESERLERİ VE KADINHANI
Yazar Adı BEKİR ŞAHİN
260 ## - YAYIN, DAĞITIM, VB.
YAYIN EVİ ÇİZGİ YAYINLARI
Holdings
Düşüm durumu Kayıp durumu Hasar Durumu Ödünç verilmez Ana kütüphane Geçerli Kütüphane Edinilen tarih Toplam ödünç verme sayısı Barkod Son görüntüleme tarihi Fiyatın geçerli olmaya başladığı tarih Koha materyal türü
        KONEVİ ANADOLU LİSESİ KONEVİ ANADOLU LİSESİ 24.08.2025   10322597 26.08.2025 26.08.2025 Books